000 00906nam a22002297a 4500
005 20240530110517.0
008 160207s2013 ua ado g | 000 0 ara d
017 _a2012/7492
_bمصر . دار الكتب المصرية
020 _a9789773289405
040 _aEG-CaGPL
082 0 4 _221
_a153.125\
_bهـ ز
100 0 _aهبة عبدالحليم عبدربة
245 1 2 _aالزهايمر :
_bالتذكر - البرنامج التنموى للذاكرة وتحجيم الزهايمر /
_cهبة عبدالحليم عبدربة
260 _aالقاهرة :
_bدار الجامعة الجديدة ؛
_c2013 .
300 _a388 ص :
_bايض ؛
_c24 سم .
650 0 4 _aالزهايمر
650 0 4 _aالبرنامج التنموى للذاكرة
650 0 4 _aسيكولوجية المسين
650 0 4 _aالذاكرة
942 _2ddc
_cBK
999 _c61803
_d61803